000 01138cad a22002295a 4500
001 L140341
008 070919s2007 xxk f 000 0 eng d
035 _a(Sirsi) u140341
041 0 _aeng
100 1 _aEnemark, Stig
245 0 0 _aIntegrated land-use management for sustainable development
_h[electronic resource]
260 _c2007
490 _aRICS Feature
_v2 May 2007
520 _aDiscusses the issue of informal urban development and considers the role of planning control and integrated land-use management in preventing and legalising such development. Highlights the diversity of planning systems in Europe, identifies the legal means of planning control, and presents an integrated system for land-use management for sustainable development.
590 _aKA
651 4 _aEurope
690 _aPlanning and development
_96259
690 _aENVIRONMENTAL AND LAND CONSULTANCY-SUSTAINABILITY-SUSTAINABLE DEVELOPMENT
710 2 _aFederation International Des Geometres
856 4 0 _uhttps://www.rics.org/RICSWEB/getpage.aspx?p=Op1-Gypie0K7uYcKMAsVpA
_zView the paper free of charge at www.rics.org...
942 _n0
999 _c79253
_d79253